Entre la sangre del 30 de mayo y la del 24 de abril / (Registro nro. 13923)
[ vista simple ]
| 000 -LEADER | |
|---|---|
| fixed length control field | 00824nam a2200253 a 4500 |
| 001 - CONTROL NUMBER | |
| control field | 000040514 |
| 003 - CONTROL NUMBER IDENTIFIER | |
| control field | DO-SdBNP |
| 005 - DATE AND TIME OF LATEST TRANSACTION | |
| control field | 20211227114157.0 |
| 008 - FIXED-LENGTH DATA ELEMENTS--GENERAL INFORMATION | |
| fixed length control field | 130829s2002 dr 000 0 spa d |
| 020 ## - INTERNATIONAL STANDARD BOOK NUMBER | |
| International Standard Book Number | 8449993016 |
| 040 ## - CATALOGING SOURCE | |
| Original cataloging agency | DO-SdBNP |
| Language of cataloging | spa |
| Transcribing agency | BPMSU |
| 082 ## - DEWEY DECIMAL CLASSIFICATION NUMBER | |
| Item number | B171e 2002 |
| Classification number | 972.93054 |
| Edition number | 22 |
| 100 1# - MAIN ENTRY--PERSONAL NAME | |
| Personal name | Balaguer, Joaquín |
| Dates associated with a name | 1906-2002 |
| 9 (RLIN) | 2 |
| 245 10 - TITLE STATEMENT | |
| Title | Entre la sangre del 30 de mayo y la del 24 de abril / |
| Statement of responsibility, etc. | Joaquín Balaguer. |
| 260 ## - PUBLICATION, DISTRIBUTION, ETC. (IMPRINT) | |
| Place of publication, distribution, etc. | Santo Domingo : |
| Name of publisher, distributor, etc. | Corripio, |
| Date of publication, distribution, etc. | 2002 |
| 300 ## - PHYSICAL DESCRIPTION | |
| Extent | v. ; |
| Dimensions | 25 cm. |
| 490 0# - SERIES STATEMENT | |
| Series statement | Discursos |
| Volume/sequential designation | 8 |
| 504 ## - BIBLIOGRAPHY, ETC. NOTE | |
| Bibliography, etc | Incluye referencias bibliográficas y notas al pie de las páginas |
| 590 ## - LOCAL NOTE (RLIN) | |
| Local note | Inventariado, 2021/VM |
| 651 #4 - SUBJECT ADDED ENTRY--GEOGRAPHIC NAME | |
| Geographic name | República Dominicana |
| General subdivision | Política y gobierno |
| Chronological subdivision | 1961- |
| 651 #4 - SUBJECT ADDED ENTRY--GEOGRAPHIC NAME | |
| Geographic name | República Dominicana |
| General subdivision | Historia |
| Chronological subdivision | 1961-1965 |
| 910 ## - USER-OPTION DATA (OCLC) | |
| User-option data | VMateo V |
| 942 ## - ADDED ENTRY ELEMENTS (KOHA) | |
| Source of classification or shelving scheme | Dewey Decimal Classification |
| Koha item type | Libros |
| Withdrawn status | Lost status | Source of classification or shelving scheme | Damaged status | Not for loan | Collection code | Home library | Current library | Date acquired | Source of acquisition | Total Checkouts | Full call number | Barcode | Date last seen | Price effective from | Koha item type | Copy number |
|---|---|---|---|---|---|---|---|---|---|---|---|---|---|---|---|---|
| Dewey Decimal Classification | Colección Dominicana | Biblioteca Pública Metropolitana Salomé Ureña | Biblioteca Pública Metropolitana Salomé Ureña | 12/27/2021 | Fundación Joaquín Balaguer | BOPMSU CD 972.93054 B171e 2002 | BPMSU21120016 | 12/27/2021 | 12/27/2021 | Libros | ||||||
| Dewey Decimal Classification | Colección Dominicana | Biblioteca Pública Metropolitana Salomé Ureña | Biblioteca Pública Metropolitana Salomé Ureña | 12/27/2021 | Fundación Joaquín Balaguer | BOPMSU CD 972.93054 B171e 2002 | BPMSU21120017 | 12/27/2021 | 12/27/2021 | Libros | e.2 | |||||
| Dewey Decimal Classification | Colección Dominicana | Biblioteca Pública Metropolitana Salomé Ureña | Biblioteca Pública Metropolitana Salomé Ureña | 12/27/2021 | Fundación Joaquín Balaguer | BPMSU CD 972.93054 B171e 2002 | BPMSU24110002 | 11/01/2024 | 12/27/2021 | Libros | e.3 |